Southville International School and Colleges
Your cart is empty.
  • Cart
  • Lists
    Public lists Eva Luna New books Lux_list list_1
    Your lists Log in to create your own lists
  • Log in to your account
  • Your cookies
  • Search history
Southville International School and Colleges
  • Advanced search
  • Recent comments
  • Most popular
  • Libraries

Log in to your account

Log in with GOOGLE


If you do not have an external account, but do have a local account, you can still log in:

  1. Home
  2. MARC view: A different kind of classroom :
Normal view MARC view ISBD view

A different kind of classroom : (Record no. 103616)

[ view plain ]
MARC details
000 -LEADER
fixed length control field 00695nam a2200205 a 4500
005 - DATE AND TIME OF LATEST TRANSACTION
control field 20140412111304.0
008 - FIXED-LENGTH DATA ELEMENTS--GENERAL INFORMATION
fixed length control field 010327s19uu xx 00 eng d
020 ## - INTERNATIONAL STANDARD BOOK NUMBER
International Standard Book Number 0-87120-192-5
050 ## - LIBRARY OF CONGRESS CALL NUMBER
Classification number TR(GS 371.1'02
Item number M393 1992
100 ## - MAIN ENTRY--PERSONAL NAME
Personal name Marzano, Robert J.
245 ## - TITLE STATEMENT
Title A different kind of classroom :
Remainder of title teaching with dimensions of learning /
Statement of responsibility, etc Robert J. Marzano.
260 ## - PUBLICATION, DISTRIBUTION, ETC. (IMPRINT)
Place of publication, distribution, etc Alexandria, Virginia :
Name of publisher, distributor, etc ASCD,
Date of publication, distribution, etc 1992.
300 ## - PHYSICAL DESCRIPTION
Extent x p. ; 191 p.
500 ## - GENERAL NOTE
General note Includes bibliographical reference
650 ## - SUBJECT ADDED ENTRY--TOPICAL TERM
Topical term or geographic name as entry element Teaching
650 ## - SUBJECT ADDED ENTRY--TOPICAL TERM
Topical term or geographic name as entry element Learning, Psychology of.
650 ## - SUBJECT ADDED ENTRY--TOPICAL TERM
Topical term or geographic name as entry element Curriculum planning - United States
650 ## - SUBJECT ADDED ENTRY--TOPICAL TERM
Topical term or geographic name as entry element Educational tests and measurements - United States
Holdings
Withdrawn status Lost status Damaged status Home library Current library Shelving location Date acquired Source of acquisition Total Checkouts Full call number Barcode Date last seen Price effective from Koha item type
      Elizalde Library Elizalde Library Teachers Reference Section 03/27/2001     TR(GS 371.1'02 M393 1992 E5476 04/12/2014 04/12/2014 Books

A different kind of classroom :

APA

Marzano R. J., . (1992). A different kind of classroom. Alexandria, Virginia: ASCD.

Chicago

Marzano Robert J, . 1992. A different kind of classroom. Alexandria, Virginia: ASCD.

Harvard

Marzano R. J., . (1992). A different kind of classroom. Alexandria, Virginia: ASCD.

MLA

Marzano Robert J, . A different kind of classroom. Alexandria, Virginia: ASCD. 1992.

  • Place hold
  • Print
  • Cite
  • Add to your cart (remove)
  • Save record
    BIBTEX Dublin Core MARCXML MARC (non-Unicode/MARC-8) MARC (Unicode/UTF-8) MARC (Unicode/UTF-8, Standard) MODS (XML) RIS
  • More searches
    Search for this title in:
    Other Libraries (WorldCat) Other Databases (Google Scholar) Online Stores (Bookfinder.com) Open Library (openlibrary.org)

Exporting to Dublin Core...

SOUTHVILLE LIBRARY

Southville International School and Colleges Library

1281 Tropical Ave. Cor. Luxembourg St., BF Homes International, Las Pinas City

Tel. No. 8256374 / 252358 Loc. 117/146

Powered by Koha